| 000 | 00563nam a2200229 i 4500 | ||
|---|---|---|---|
| 001 | bg | ||
| 100 | 1 | _aSIKORSKI, Witold | |
| 245 | 1 | 0 |
_aProgramy Nortona / _cWitold Sikorski, Krzysztof Turczyński. |
| 260 |
_aWarszawa : _b"Mikom", _c1993. |
||
| 300 |
_a92 s. ; _c21 cm. |
||
| 504 | _aIndeks. | ||
| 630 | 0 | 9 | _aNorton |
| 655 | _aPodręczniki | ||
| 700 | 1 | _aTURCZYŃSKI, Krzysztof | |
| 020 | _a85625305 | ||
| 040 | _cBPK | ||
| 041 | _apol | ||
| 080 | _a681.322.06(07) | ||
| 920 | _a85625-30-5 | ||
| 942 | _cKS | ||
| 008 | s pl f |000 0 pol | ||
| 999 |
_c6918 _d6918 |
||
| 856 |
_uhttp://koha.tu.koszalin.pl/cgi-bin/koha/opac-detail.pl?biblionumber=6918 _yKatalog online BPK |
||